A History of Philosophy: Late Mediaeval and Renaissance Philosophy. Part I: Ockham to the Speculative Mystics

Sparad:
Bibliografiska uppgifter
Huvudupphovsman: Copleston, Frederick
Materialtyp: Bok
Språk:Spanish
Publicerad: New York, Estados Unidos Image Books 1963
Ämnen:
Taggar: Lägg till en tagg
Inga taggar, Lägg till första taggen!

MARC

LEADER 00000nam a2200000Ia 4500
008 170316s9999 xx 000 0 spa d
040 |a cru BVZT 
090 |a H-100 C-2ahp v.3 - part I  
100 |a Copleston, Frederick 
245 2 |a A History of Philosophy: Late Mediaeval and Renaissance Philosophy. Part I: Ockham to the Speculative Mystics  |c Frederick Copleston 
260 |a New York, Estados Unidos 
260 |b Image Books 
260 |c 1963 
300 |a 239 páginas. Vol. 3 : parte 1 
650 |a FILOSOFÍA  |9 5 
650 |a HISTORIA  |9 90 
650 0 |a EN IDIOMA INGLÉS  |9 129 
650 |a FILOSOFÍA MEDIEVAL 
650 |a FILOSOFÍA DEL RENACIMIENTO 
999 |c 28879  |d 28879 
942 |c LIB  |h H-100 C-2ahp v.3 - part I   |2 z